[Event "Oberliga Ost A"]
[Site "?"]
[Date "2022.09.18"]
[Round "1.5"]
[White "Gehmlich, Marcel"]
[Black "Graf, Roland"]
[Result "1-0"]
[WhiteElo "2175"]
[BlackElo "2115"]
[PlyCount "71"]
[EventDate "2022.09.18"]
[EventType "team-tourn"]
[EventCountry "GER"]
[WhiteTeam "Hoyerswerde FVS ASP"]
[BlackTeam "Dresden SG Gruen Weiss"]
[WhiteTeamCountry "GER"]
[BlackTeamCountry "GER"]

1. Nf3 Nf6 2. c4 g6 3. g3 Bg7 4. Bg2 O-O 5. O-O d5 6. cxd5 Nxd5 7. d4 Nb6 8. Nc3 Nc6 9. d5 Na5 10. e4 c6 11. Be3 Bxc3 12. bxc3 cxd5 13. Bxb6 Qxb6 14. exd5 e6 15. Rb1 Qa6 16. Nd4 exd5 17. Bxd5 Be6 18. Bxe6 fxe6 19. Qa4 e5 20. Rb5 exd4 21. Rxa5 Qf6 22. cxd4 a6 23. Re5 Rad8 24. h4 Rf7 25. Re8+ Rxe8 26. Qxe8+ Kg7 27. Qe3 Re7 28. Qd2 Rd7 29. d5 Qe5 30. Rd1 b5 31. d6 Qf6 32. Qd5 Qf7 33. Qc6 Qe6 34. Kg2 Rf7 35. Qc3+ Kg8 36. d7 1-0

[Event "Oberliga Ost A"]
[Site "?"]
[Date "2022.09.18"]
[Round "1.6"]
[White "Kregelin, Jan"]
[Black "Butscher, Daniel"]
[Result "0-1"]
[WhiteElo "2130"]
[BlackElo "2115"]
[PlyCount "54"]
[EventDate "2022.09.18"]
[EventType "team-tourn"]
[EventCountry "GER"]
[WhiteTeam "Dresden SG Gruen Weiss"]
[BlackTeam "Hoyerswerde FVS ASP"]
[WhiteTeamCountry "GER"]
[BlackTeamCountry "GER"]

1. d4 Nf6 2. c4 e6 3. Nc3 Bb4 4. Qc2 O-O 5. e4 d5 6. e5 Ne4 7. Bd3 c5 8. Nf3 Nc6 9. dxc5 f5 10. O-O Bxc5 11. a3 Nxc3 12. Qxc3 d4 13. Qc2 a5 14. b3 h6 15. h4 Qe7 16. Re1 Bd7 17. g3 Be8 18. Bf1 Rd8 19. Bb2 Bh5 20. Bg2 f4 21. Qe4 Qf7 22. Rf1 Bg6 23. Qe1 Bd3 24. Qd2 Bxf1 25. Rxf1 Qf5 26. Re1 fxg3 27. fxg3 Qg4 0-1

[Event "Oberliga Ost A"]
[Site "?"]
[Date "2022.09.18"]
[Round "1.7"]
[White "Schnoor, Ekkehard"]
[Black "Grohmann, Alexander"]
[Result "0-1"]
[WhiteElo "2097"]
[BlackElo "1980"]
[PlyCount "92"]
[EventDate "2022.09.18"]
[EventType "team-tourn"]
[EventCountry "GER"]
[WhiteTeam "Hoyerswerde FVS ASP"]
[BlackTeam "Dresden SG Gruen Weiss"]
[WhiteTeamCountry "GER"]
[BlackTeamCountry "GER"]

1. e4 c5 2. Nf3 d6 3. d3 Nc6 4. g3 g6 5. Bg2 Bg7 6. O-O e6 7. c3 Nge7 8. d4 O-O 9. dxc5 dxc5 10. Qe2 Qc7 11. h4 b6 12. h5 Bb7 13. Be3 Rad8 14. a4 Na5 15. Nfd2 Bc6 16. Ra3 Qd6 17. Re1 e5 18. Nf1 Bb7 19. Nfd2 Bc8 20. Ra1 Be6 21. Na3 Nec6 22. Ndc4 Qe7 23. h6 Bf6 24. f4 Rd7 25. Rf1 Rfd8 26. Nxa5 Nxa5 27. f5 Bb3 28. Qg4 Rd3 29. Rf3 Bd1 30. Rxd1 Rxd1+ 31. Kh2 Kh8 32. Bf1 Re1 33. Nc2 Rb1 34. Bf2 Rxb2 35. Ne3 Qf8 36. fxg6 Qxh6+ 37. Kg1 Rxf2 38. Kxf2 Qh2+ 39. Bg2 Rd2+ 40. Kf1 Nc4 41. Qc8+ Bd8 42. gxf7 Nxe3+ 43. Ke1 Rd1+ 44. Ke2 Qxg2+ 45. Rf2 Rd2+ 46. Kxd2 Qxf2+ 0-1

[Event "Oberliga Ost A"]
[Site "?"]
[Date "2022.09.18"]
[Round "1.8"]
[White "Heyme, Sibylle"]
[Black "Kunze, Christopher"]
[Result "1-0"]
[WhiteElo "1949"]
[BlackElo "2112"]
[PlyCount "111"]
[EventDate "2022.09.18"]
[EventType "team-tourn"]
[EventCountry "GER"]
[WhiteTeam "Dresden SG Gruen Weiss"]
[BlackTeam "Hoyerswerde FVS ASP"]
[WhiteTeamCountry "GER"]
[BlackTeamCountry "GER"]

1. d4 Nf6 2. Nf3 g6 3. g3 Bg7 4. Bg2 d6 5. O-O O-O 6. c4 Nbd7 7. Nc3 c5 8. b3 a6 9. Bb2 Rb8 10. a4 Re8 11. Re1 Qb6 12. e3 h6 13. Qc2 Qc7 14. Qe2 b6 15. Rad1 Bb7 16. d5 Rbd8 17. e4 e6 18. Qc2 Nf8 19. h3 Re7 20. Qc1 Bc8 21. Qa1 e5 22. Re2 Bd7 23. Ne1 Qb8 24. Nd3 Nh5 25. Rf1 b5 26. axb5 axb5 27. Kh2 bxc4 28. bxc4 Be8 29. Qd1 Nd7 30. Qc1 Nb6 31. Nd1 Rb7 32. Ne3 Na4 33. Ba1 Rb3 34. Rd2 Bd7 35. f4 exf4 36. gxf4 Bc3 37. Bxc3 Rxc3 38. Qd1 Re8 39. f5 Rxd3 40. Rxd3 Nb2 41. Qc2 Nxd3 42. Qxd3 Qb2 43. Ng4 Kg7 44. fxg6 Bxg4 45. hxg4 Nf6 46. gxf7 Kxf7 47. Kh1 Kg7 48. Bf3 Ra8 49. Rg1 Ra2 50. Bg2 Ra3 51. Qf1 Qe5 52. Qf5 Qg3 53. Rf1 Qh4+ 54. Kg1 Re3 55. Qf4 Qg3 56. Qxf6+ 1-0

[Event "Oberliga Ost A"]
[Site "?"]
[Date "2022.09.18"]
[Round "1.1"]
[White "Hartge, Gedeon"]
[Black "Heyder, Florian"]
[Result "1-0"]
[WhiteElo "2245"]
[BlackElo "2216"]
[PlyCount "107"]
[EventDate "2022.09.18"]
[EventType "team-tourn"]
[EventCountry "GER"]
[WhiteTeam "Hoyerswerde FVS ASP"]
[BlackTeam "Dresden SG Gruen Weiss"]
[WhiteTeamCountry "GER"]
[BlackTeamCountry "GER"]

1. d4 Nf6 2. c4 e6 3. Nc3 Bb4 4. e3 O-O 5. Bd3 d5 6. a3 Bxc3+ 7. bxc3 dxc4 8. Bxc4 c5 9. Ne2 Nc6 10. O-O b6 11. Bb2 Bb7 12. Rc1 Na5 13. Ba2 c4 14. Ng3 Rc8 15. f3 Nd5 16. Qd2 Qh4 17. Rce1 Rfe8 18. Bb1 Rcd8 19. Qc2 g6 20. Qf2 b5 21. Ne4 Qxf2+ 22. Kxf2 e5 23. Nc5 Bc8 24. Bc2 Nb7 25. Nxb7 Bxb7 26. dxe5 Rxe5 27. e4 Nc7 28. Rd1 Ree8 29. Bc1 Ne6 30. Be3 a6 31. Bb6 Rb8 32. Rd6 Bc8 33. Rfd1 Bb7 34. R1d2 Bc8 35. Kg3 Bb7 36. Kf2 Bc8 37. Kg3 Bb7 38. h4 Bc8 39. Kf2 Bb7 40. Kg3 Bc8 41. h5 g5 42. h6 f6 43. Kf2 Kf7 44. Ba7 Ra8 45. Be3 Nf8 46. Rc6 Ng6 47. Rdd6 Re6 48. Rxe6 Bxe6 49. Rc7+ Kg8 50. Bd4 Rf8 51. Rg7+ Kh8 52. Ke3 Ne5 53. Bxe5 fxe5 54. Rxg5 1-0

[Event "Oberliga Ost A"]
[Site "?"]
[Date "2022.09.18"]
[Round "1.2"]
[White "Hellwig, Tobias"]
[Black "Hoepfl, Thomas"]
[Result "1/2-1/2"]
[WhiteElo "2207"]
[BlackElo "2279"]
[PlyCount "39"]
[EventDate "2022.09.18"]
[EventType "team-tourn"]
[EventCountry "GER"]
[WhiteTeam "Halle USV"]
[BlackTeam "Sangerhausen SV"]
[WhiteTeamCountry "GER"]
[BlackTeamCountry "GER"]

1. d4 Nf6 2. Nf3 g6 3. g3 Bg7 4. Bg2 O-O 5. O-O d6 6. c4 Nc6 7. Nc3 e5 8. dxe5 dxe5 9. Bg5 Be6 10. Qa4 Qe8 11. Rad1 h6 12. Be3 Nd7 13. Nd5 Nb6 14. Qb5 Bxd5 15. cxd5 Nd4 16. Nxd4 exd4 17. Qxe8 Rfxe8 18. Bxd4 Rxe2 19. Bf3 Re7 20. Bxg7 1/2-1/2

[Event "Oberliga Ost A"]
[Site "?"]
[Date "2022.09.18"]
[Round "1.3"]
[White "Sukaylo, Aleksey"]
[Black "Hillmann, Michael"]
[Result "1/2-1/2"]
[WhiteElo "2114"]
[BlackElo "2106"]
[PlyCount "94"]
[EventDate "2022.09.18"]
[EventType "team-tourn"]
[EventCountry "GER"]
[WhiteTeam "Sangerhausen SV"]
[BlackTeam "Halle USV"]
[WhiteTeamCountry "GER"]
[BlackTeamCountry "GER"]

1. e4 d5 2. exd5 Qxd5 3. Nc3 Qd6 4. d4 Nf6 5. Nf3 a6 6. Ne5 Nc6 7. Nxc6 Qxc6 8. Bf4 e6 9. Qd3 Bd6 10. Bxd6 Qxd6 11. g3 Bd7 12. Bg2 Bc6 13. Bxc6+ Qxc6 14. O-O-O O-O-O 15. f4 g6 16. Rhe1 h5 17. h4 Rd6 18. b3 b5 19. a4 b4 20. Ne2 Ne4 21. Qe3 Rhd8 22. Rd3 f5 23. Red1 Qb6 24. Kb2 Rd5 25. Qf3 R8d6 26. Kc1 a5 27. Qe3 Kb7 28. Qf3 c6 29. Qe3 Qd8 30. Kb1 Qb6 31. Kc1 Kc7 32. Qf3 Kd7 33. Qe3 Ke7 34. Qf3 Qd8 35. Qe3 Kf7 36. Qf3 Rd7 37. Qe3 Qb6 38. Qf3 Rd8 39. Qe3 Kf6 40. Qf3 R8d7 41. Qe3 Rc7 42. c4 bxc3 43. Nxc3 Nxc3 44. Rxc3 Rcd7 45. Kb2 Kf7 46. Rc4 R7d6 47. Qc3 Qd8 1/2-1/2

[Event "Oberliga Ost A"]
[Site "?"]
[Date "2022.09.18"]
[Round "1.4"]
[White "Richter, Dustin"]
[Black "Luther, Juergen"]
[Result "1/2-1/2"]
[WhiteElo "2166"]
[BlackElo "2110"]
[PlyCount "42"]
[EventDate "2022.09.18"]
[EventType "team-tourn"]
[EventCountry "GER"]
[WhiteTeam "Halle USV"]
[BlackTeam "Sangerhausen SV"]
[WhiteTeamCountry "GER"]
[BlackTeamCountry "GER"]

1. c4 e6 2. g3 f5 3. Bg2 Nf6 4. Nc3 Be7 5. e4 fxe4 6. Nxe4 O-O 7. d4 d5 8. Nxf6+ Bxf6 9. Nf3 Nc6 10. c5 b6 11. cxb6 cxb6 12. O-O b5 13. Bf4 Re8 14. Re1 Qb6 15. Be3 Bb7 16. g4 g6 17. h4 Rad8 18. Qd2 Qa5 19. Qxa5 Nxa5 20. b3 Nc6 21. Bg5 Bxg5 1/2-1/2

[Event "Oberliga Ost A"]
[Site "?"]
[Date "2022.09.18"]
[Round "1.5"]
[White "Perekhozhuk, Maksym"]
[Black "Ellemann, Stefan"]
[Result "1-0"]
[WhiteElo "2003"]
[BlackElo "2030"]
[PlyCount "67"]
[EventDate "2022.09.18"]
[EventType "team-tourn"]
[EventCountry "GER"]
[WhiteTeam "Sangerhausen SV"]
[BlackTeam "Halle USV"]
[WhiteTeamCountry "GER"]
[BlackTeamCountry "GER"]

1. e4 c6 2. d4 d5 3. exd5 cxd5 4. Bd3 Nc6 5. c3 Qc7 6. Nd2 Nf6 7. h3 g6 8. Ngf3 Bf5 9. Qe2 Bxd3 10. Qxd3 Bg7 11. O-O O-O 12. Re1 Rfe8 13. Ne5 Nd7 14. f4 Rab8 15. Ndf3 b5 16. Ng5 Nd8 17. Qf3 Nb6 18. f5 f6 19. fxg6 hxg6 20. Nxg6 fxg5 21. Bxg5 e5 22. dxe5 Ne6 23. Bf6 Qf7 24. Qf5 a5 25. Rf1 Nc4 26. Rf3 Nd2 27. Rd3 Ne4 28. Rf1 Qa7+ 29. Kh2 N6c5 30. Rxd5 Rb6 31. Ne7+ Rxe7 32. Rd8+ Re8 33. Rxe8+ Kf7 34. Qh5# 1-0

[Event "Oberliga Ost A"]
[Site "?"]
[Date "2022.09.18"]
[Round "1.6"]
[White "Sieber, Martin"]
[Black "Huth, Martin"]
[Result "1-0"]
[WhiteElo "1946"]
[BlackElo "2033"]
[PlyCount "57"]
[EventDate "2022.09.18"]
[EventType "team-tourn"]
[EventCountry "GER"]
[WhiteTeam "Halle USV"]
[BlackTeam "Sangerhausen SV"]
[WhiteTeamCountry "GER"]
[BlackTeamCountry "GER"]

1. d4 d5 2. c4 e6 3. Nf3 Nf6 4. g3 Be7 5. Bg2 O-O 6. O-O c5 7. cxd5 Nxd5 8. e4 Nf6 9. Nc3 cxd4 10. Nxd4 Nc6 11. Nxc6 bxc6 12. Qa4 Qb6 13. Qc2 Ba6 14. Rd1 Rfd8 15. Be3 Qb7 16. h3 Rxd1+ 17. Rxd1 Rd8 18. Rxd8+ Bxd8 19. Na4 Bb6 20. Nc5 Bxc5 21. Bxc5 Nd7 22. Bd4 Nb6 23. Qc5 Qc7 24. Qg5 f5 25. exf5 e5 26. Bc5 Nd5 27. Bxd5+ cxd5 28. f6 Bc8 29. Be7 1-0

[Event "Oberliga Ost A"]
[Site "?"]
[Date "2022.09.18"]
[Round "1.7"]
[White "Polzin, Gustav"]
[Black "Selle, Thomas"]
[Result "1-0"]
[WhiteElo "1710"]
[BlackElo "2075"]
[PlyCount "69"]
[EventDate "2022.09.18"]
[EventType "team-tourn"]
[EventCountry "GER"]
[WhiteTeam "Sangerhausen SV"]
[BlackTeam "Halle USV"]
[WhiteTeamCountry "GER"]
[BlackTeamCountry "GER"]

1. e4 c5 2. Nf3 Nc6 3. d4 cxd4 4. Nxd4 e5 5. Nb5 d6 6. N1c3 a6 7. Na3 b5 8. Nd5 Be6 9. c3 h6 10. Nc2 Nf6 11. Nxf6+ Qxf6 12. a4 Rb8 13. axb5 axb5 14. Ra6 Qh4 15. Ne3 Nd8 16. Qc2 Be7 17. Ra5 O-O 18. Rxb5 Ra8 19. Bd3 Ra1 20. O-O Nc6 21. Bc4 Rc8 22. b3 Rca8 23. Bd5 R8a2 24. Bb2 Rxf1+ 25. Nxf1 Nd8 26. b4 Ra7 27. Bc1 Bxd5 28. Rxd5 Ne6 29. Be3 Ra1 30. Ra5 Re1 31. f3 Rxe3 32. Nxe3 Qe1+ 33. Nf1 Nf4 34. g3 Ne2+ 35. Kg2 1-0

[Event "Oberliga Ost A"]
[Site "?"]
[Date "2022.09.18"]
[Round "1.8"]
[White "Buerckner, Georg"]
[Black "Voigt, Anastasia"]
[Result "0-1"]
[WhiteElo "2025"]
[BlackElo "1772"]
[PlyCount "90"]
[EventDate "2022.09.18"]
[EventType "team-tourn"]
[EventCountry "GER"]
[WhiteTeam "Halle USV"]
[BlackTeam "Sangerhausen SV"]
[WhiteTeamCountry "GER"]
[BlackTeamCountry "GER"]

1. e4 e5 2. d4 exd4 3. Qxd4 Nc6 4. Qe3 Nf6 5. Nc3 Bb4 6. Bd2 O-O 7. O-O-O Re8 8. Bc4 Bxc3 9. Bxc3 Nxe4 10. Qf4 Nf6 11. Nf3 d6 12. Ng5 Be6 13. Rhe1 Bxc4 14. Qxc4 Rf8 15. Re3 h6 16. Ne4 Nxe4 17. Qxe4 Re8 18. Qf3 Qg5 19. Bd2 Rxe3 20. Bxe3 Qg6 21. a3 Re8 22. h4 Qe4 23. Qh3 a6 24. Qd7 Qe7 25. Qg4 Qe6 26. Qxe6 Rxe6 27. Kd2 Ne5 28. b3 Ng4 29. Kd3 Rxe3+ 30. fxe3 Nf2+ 31. Kd2 Nxd1 32. Kxd1 f5 33. Ke2 Kf7 34. Kf3 Kf6 35. g4 Ke5 36. g5 hxg5 37. hxg5 g6 38. c3 b5 39. c4 bxc4 40. bxc4 c5 41. a4 d5 42. cxd5 Kxd5 43. Ke2 Kc4 44. Kd2 Kb3 45. Kd3 c4+ 0-1

[Event "Oberliga Ost A"]
[Site "?"]
[Date "2022.09.18"]
[Round "1.1"]
[White "Pietzsch, Manuel"]
[Black "Mazur, Stefan"]
[Result "0-1"]
[WhiteElo "2101"]
[BlackElo "2413"]
[PlyCount "98"]
[EventDate "2022.09.18"]
[EventType "team-tourn"]
[EventCountry "GER"]
[WhiteTeam "Sangerhausen SV"]
[BlackTeam "Halle USV"]
[WhiteTeamCountry "GER"]
[BlackTeamCountry "GER"]

1. e4 e5 2. d4 exd4 3. Qxd4 Nc6 4. Qd3 Nf6 5. Nc3 Bc5 6. Bf4 d6 7. Qd2 Be6 8. O-O-O Ne5 9. Qe1 Ng6 10. Be3 Bb4 11. f3 O-O 12. Nge2 Re8 13. Nd4 Bxa2 14. Bd2 Be6 15. Nxe6 fxe6 16. h4 d5 17. h5 Ne5 18. f4 Neg4 19. e5 Bxc3 20. Bxc3 Ne4 21. Bd4 Rf8 22. g3 c5 23. Bg1 Qe8 24. Bd3 Qa4 25. Kb1 Rac8 26. Bxe4 dxe4 27. Be3 Rfd8 28. Qe2 Nxe3 29. Qxe3 Rd4 30. Rxd4 Qxd4 31. Re1 Rd8 32. Qxe4 Qxe4 33. Rxe4 Rd1+ 34. Ka2 b5 35. Re3 a5 36. Kb3 a4+ 37. Kc3 Kf7 38. Rd3 Rxd3+ 39. cxd3 g6 40. h6 g5 41. d4 b4+ 42. Kc4 a3 43. bxa3 bxa3 44. Kb3 cxd4 45. Kxa3 gxf4 46. gxf4 Kg6 47. Kb4 Kf5 48. Kc4 Kxf4 49. Kxd4 Kf5 0-1

[Event "Oberliga Ost A"]
[Site "?"]
[Date "2022.09.18"]
[Round "1.2"]
[White "Fuchs, Florian"]
[Black "Henning, Marvin"]
[Result "1-0"]
[WhiteElo "2320"]
[BlackElo "1987"]
[PlyCount "83"]
[EventDate "2022.09.18"]
[EventType "team-tourn"]
[EventCountry "GER"]
[WhiteTeam "Leipzig SG II"]
[BlackTeam "Reichenbrand SV Eiche"]
[WhiteTeamCountry "GER"]
[BlackTeamCountry "GER"]

1. e4 d5 2. exd5 Qxd5 3. Nc3 Qd6 4. d4 Nf6 5. Nb5 Qd8 6. c4 c6 7. Nc3 g6 8. Be2 Bg7 9. Nf3 Bg4 10. O-O O-O 11. Be3 Bxf3 12. Bxf3 Nbd7 13. Qb3 Qc7 14. Rfd1 Rfe8 15. h3 e6 16. Rac1 Rad8 17. Qc2 Nb6 18. b3 Qe7 19. a4 e5 20. a5 exd4 21. Bxd4 Nc8 22. a6 Qc7 23. axb7 Qxb7 24. Na4 Qc7 25. Be3 Ne7 26. g4 Nd7 27. Nc5 Nc8 28. Nxd7 Rxd7 29. Rxd7 Qxd7 30. Rd1 Qc7 31. Qd2 c5 32. Qd7 Qe5 33. Rd5 Qa1+ 34. Kg2 Rf8 35. Rxc5 Nb6 36. Qd3 Bf6 37. Rc7 Rd8 38. Qe4 Be5 39. Rxa7 Qxa7 40. Qxe5 Nd7 41. Qe7 Qb8 42. Bg5 1-0

[Event "Oberliga Ost A"]
[Site "?"]
[Date "2022.09.18"]
[Round "1.3"]
[White "Schunk, Thomas"]
[Black "Fischer, Edwin"]
[Result "1-0"]
[WhiteElo "2149"]
[BlackElo "2179"]
[PlyCount "139"]
[EventDate "2022.09.18"]
[EventType "team-tourn"]
[EventCountry "GER"]
[WhiteTeam "Reichenbrand SV Eiche"]
[BlackTeam "Leipzig SG II"]
[WhiteTeamCountry "GER"]
[BlackTeamCountry "GER"]

1. c4 e6 2. Nf3 d5 3. b3 Be7 4. Bb2 Bf6 5. d4 Ne7 6. e3 O-O 7. Qc2 b6 8. Nbd2 Bb7 9. Bd3 g6 10. O-O Bg7 11. Rfd1 Nd7 12. Rac1 Rc8 13. Ne5 Nxe5 14. dxe5 c5 15. f4 Nc6 16. a3 Qe7 17. Nf3 Rfd8 18. Rd2 Na5 19. Rcd1 Bh6 20. Rf2 Rc7 21. Rff1 Rcd7 22. Be2 Bg7 23. Bc3 Nc6 24. Be1 f6 25. Bh4 Qf7 26. cxd5 exd5 27. exf6 Bxf6 28. Ne5 Qe7 29. Bxf6 Qxf6 30. Nxd7 Rxd7 31. Bc4 Qe6 32. Qd3 Nb8 33. Bb5 Re7 34. f5 gxf5 35. Qxf5 Qxf5 36. Rxf5 a6 37. Rg5+ Kf7 38. Rf1+ Ke6 39. Bd3 Nd7 40. Bf5+ Kd6 41. Bxd7 Rxd7 42. Rf6+ Kc7 43. Rgf5 c4 44. bxc4 dxc4 45. Rf7 c3 46. Rxd7+ Kxd7 47. Rf1 Be4 48. Rc1 c2 49. Kf2 b5 50. Ke2 a5 51. Kd2 b4 52. axb4 axb4 53. Rxc2 Bxc2 54. Kxc2 Ke6 55. g4 Ke5 56. h4 Ke4 57. h5 h6 58. Kb3 Kxe3 59. g5 hxg5 60. h6 g4 61. h7 g3 62. h8=Q g2 63. Qh2 Kf2 64. Qf4+ Ke2 65. Qg3 Kf1 66. Qf3+ Kg1 67. Kxb4 Kh2 68. Qf2 Kh1 69. Qh4+ Kg1 70. Kc3 1-0

[Event "Oberliga Ost A"]
[Site "?"]
[Date "2022.09.18"]
[Round "1.4"]
[White "Laemmel, Sebastian"]
[Black "Dietze, Frank"]
[Result "1-0"]
[WhiteElo "2105"]
[BlackElo "2080"]
[PlyCount "65"]
[EventDate "2022.09.18"]
[EventType "team-tourn"]
[EventCountry "GER"]
[WhiteTeam "Leipzig SG II"]
[BlackTeam "Reichenbrand SV Eiche"]
[WhiteTeamCountry "GER"]
[BlackTeamCountry "GER"]

1. d4 Nf6 2. c4 g6 3. Nc3 Bg7 4. e4 d6 5. Nf3 O-O 6. Be2 e5 7. Be3 Ng4 8. Bg5 f6 9. Bc1 exd4 10. Nxd4 Ne5 11. O-O Nbc6 12. f4 Nxd4 13. Qxd4 Nc6 14. Qd5+ Kh8 15. f5 gxf5 16. exf5 Re8 17. Bg4 Bd7 18. Bf4 Qc8 19. Bg3 Nb4 20. Qd2 a5 21. Rad1 Na6 22. Bh5 Re7 23. Nd5 Re4 24. Rde1 Nc5 25. Rxe4 Nxe4 26. Qf4 Nc5 27. Qh4 Qd8 28. Bg6 h6 29. Bf4 Qf8 30. Re1 Nd3 31. Bxh6 Bxh6 32. Re7 Re8 33. Bxe8 1-0

[Event "Oberliga Ost A"]
[Site "?"]
[Date "2022.09.18"]
[Round "1.5"]
[White "Limpert, Michael"]
[Black "Fehlhammer, Michael"]
[Result "1/2-1/2"]
[WhiteElo "2107"]
[BlackElo "2109"]
[PlyCount "100"]
[EventDate "2022.09.18"]
[EventType "team-tourn"]
[EventCountry "GER"]
[WhiteTeam "Reichenbrand SV Eiche"]
[BlackTeam "Leipzig SG II"]
[WhiteTeamCountry "GER"]
[BlackTeamCountry "GER"]

1. e4 e6 2. d4 d5 3. Nc3 Nf6 4. Bg5 Be7 5. e5 Nfd7 6. h4 c5 7. Bxe7 Kxe7 8. f4 Nc6 9. dxc5 b6 10. Nf3 bxc5 11. Qd2 Rb8 12. Bb5 Qb6 13. O-O Nd4 14. Bxd7 Bxd7 15. b3 Bc6 16. Rae1 g6 17. Kh2 Rbc8 18. Rf2 Nxf3+ 19. Rxf3 h5 20. Rf2 Qb4 21. Nb1 a5 22. c3 Qb6 23. Qe3 Kf8 24. Nd2 Rd8 25. Qg3 Qc7 26. Qg5 Qe7 27. Nf3 Rd7 28. Rd2 Qxg5 29. Nxg5 Ke7 30. Kg3 Rb7 31. Nf3 a4 32. Rb2 Rhb8 33. Nd2 Bb5 34. bxa4 Bxa4 35. Rxb7+ Rxb7 36. Rb1 Rxb1 37. Nxb1 Kd7 38. Kf3 Kc6 39. Ke3 Kb6 40. Kd3 Bd1 41. c4 d4 42. Nd2 Ba4 43. g3 Bc6 44. Kc2 Bg2 45. Kb3 Bc6 46. Ka3 Bb7 47. Kb3 Ka5 48. Ka3 Bc6 49. Nb3+ Kb6 50. Nd2 Ka5 1/2-1/2

[Event "Oberliga Ost A"]
[Site "?"]
[Date "2022.09.18"]
[Round "1.6"]
[White "Sussbauer, Marco"]
[Black "Neuhoff, Laertes"]
[Result "1-0"]
[WhiteElo "1995"]
[BlackElo "2029"]
[PlyCount "49"]
[EventDate "2022.09.18"]
[EventType "team-tourn"]
[EventCountry "GER"]
[WhiteTeam "Leipzig SG II"]
[BlackTeam "Reichenbrand SV Eiche"]
[WhiteTeamCountry "GER"]
[BlackTeamCountry "GER"]

1. c4 e6 2. e4 d5 3. cxd5 exd5 4. exd5 Nf6 5. Bb5+ Bd7 6. Bc4 Be7 7. Nf3 O-O 8. O-O Bg4 9. Nc3 Nbd7 10. d4 Nb6 11. Bb3 Nfxd5 12. h3 Bh5 13. g4 Bg6 14. Ne5 Bf6 15. Nxd5 Nxd5 16. f4 h6 17. Qf3 c6 18. Be3 Qd6 19. Rac1 Rad8 20. Bf2 Bh7 21. Rfe1 Rfe8 22. a3 Re7 23. Bg3 Qc7 24. Rc5 Nb6 25. Qf2 1-0

[Event "Oberliga Ost A"]
[Site "?"]
[Date "2022.09.18"]
[Round "1.7"]
[White "Dobierzin, Olaf"]
[Black "Waltenberger, Udo"]
[Result "1/2-1/2"]
[WhiteElo "1992"]
[BlackElo "2029"]
[PlyCount "87"]
[EventDate "2022.09.18"]
[EventType "team-tourn"]
[EventCountry "GER"]
[WhiteTeam "Reichenbrand SV Eiche"]
[BlackTeam "Leipzig SG II"]
[WhiteTeamCountry "GER"]
[BlackTeamCountry "GER"]

1. e4 c5 2. Nf3 Nc6 3. d4 cxd4 4. Nxd4 g6 5. c4 Nf6 6. Nc3 d6 7. Be2 Nxd4 8. Qxd4 Bg7 9. Be3 O-O 10. Qd2 Be6 11. Rc1 Qa5 12. b3 Rfc8 13. f3 a6 14. Nd5 Qxd2+ 15. Kxd2 Nxd5 16. exd5 Bd7 17. Bd3 e6 18. dxe6 fxe6 19. h4 d5 20. Ke2 dxc4 21. Bxc4 b5 22. Bd3 Rxc1 23. Bxc1 e5 24. Be4 Rc8 25. Bd2 Kf7 26. h5 Be6 27. hxg6+ hxg6 28. Rh7 Rc7 29. Bh6 Kf6 30. g4 g5 31. Bxg7+ Rxg7 32. Rxg7 Kxg7 33. Ke3 b4 34. Bc6 Kf6 35. Ke4 Bf7 36. Kd3 a5 37. Ke3 Ke6 38. Bb5 Kd6 39. Bd3 Kc5 40. Bf5 a4 41. Bc2 a3 42. Bb1 Bd5 43. Bc2 Bf7 44. Bb1 1/2-1/2

[Event "Oberliga Ost A"]
[Site "?"]
[Date "2022.09.18"]
[Round "1.1"]
[White "Malek, Daniel"]
[Black "Klimakovs, Sergejs"]
[Result "0-1"]
[WhiteElo "2340"]
[BlackElo "2316"]
[PlyCount "132"]
[EventDate "2022.09.18"]
[EventType "team-tourn"]
[EventCountry "GER"]
[WhiteTeam "Reichenbrand SV Eiche"]
[BlackTeam "Leipzig SG II"]
[WhiteTeamCountry "GER"]
[BlackTeamCountry "GER"]

1. e4 c5 2. Nf3 d6 3. Bb5+ Bd7 4. Bxd7+ Qxd7 5. c4 Nf6 6. Nc3 g6 7. d4 cxd4 8. Nxd4 Bg7 9. f3 O-O 10. Be3 Nc6 11. O-O a6 12. Qd3 Rfc8 13. b3 b5 14. cxb5 Ne5 15. Qd2 d5 16. Nxd5 Nxd5 17. exd5 axb5 18. Rad1 Qxd5 19. Qe2 b4 20. Nf5 Qe6 21. Nxg7 Kxg7 22. Bd4 f6 23. Rfe1 Qf5 24. Bxe5 Qxe5 25. Qxe5 fxe5 26. Rd2 Ra5 27. Re4 Rca8 28. Ree2 Kf6 29. Kf2 R8a6 30. Ke3 Rd6 31. Rc2 Rd1 32. Red2 Rd5 33. Rc6+ Kf7 34. Rxd5 Rxd5 35. Ra6 Rd1 36. h4 Rd4 37. g3 Rd1 38. Ra4 Ra1 39. g4 Ke6 40. Kd3 Kd5 41. Ra5+ Kd6 42. Kc4 Rf1 43. Rd5+ Ke6 44. Rd3 Rf2 45. Kxb4 Rxa2 46. Kc5 Rc2+ 47. Kb6 Re2 48. Rc3 Kd5 49. Rd3+ Ke6 50. Rc3 e4 51. fxe4 Rxe4 52. Rc4 Kd5 53. Kb5 e5 54. h5 gxh5 55. gxh5 Re3 56. Rc5+ Kd4 57. Rc4+ Kd5 58. Rc5+ Ke4 59. Rc7 Rxb3+ 60. Kc4 Rh3 61. Rxh7 Ke3 62. h6 e4 63. Rh8 Ke2 64. h7 e3 65. Kc3 Ke1 66. Re8 e2+ 0-1

[Event "Oberliga Ost A"]
[Site "?"]
[Date "2022.09.18"]
[Round "1.3"]
[White "Melamed, Tatjana"]
[Black "Pikalow, Michael"]
[Result "0-1"]
[WhiteElo "2391"]
[BlackElo "2037"]
[PlyCount "82"]
[EventDate "2022.09.18"]
[EventType "team-tourn"]
[EventCountry "GER"]
[WhiteTeam "Magdeburg USC"]
[BlackTeam "Magdeburg SG Aufbau Elbe"]
[WhiteTeamCountry "GER"]
[BlackTeamCountry "GER"]

1. e4 c5 2. Nf3 a6 3. g3 Nc6 4. Bg2 g6 5. O-O Bg7 6. c3 e5 7. Na3 Nge7 8. Nc4 O-O 9. Nd6 Qc7 10. Nxc8 Raxc8 11. d3 d5 12. exd5 Nxd5 13. Re1 Rcd8 14. Qa4 h6 15. Bd2 Rd6 16. Rad1 b5 17. Qe4 Rfd8 18. Qe2 Kh7 19. a3 Qd7 20. h4 Nde7 21. Bf1 f5 22. h5 g5 23. Qe3 c4 24. dxc4 e4 25. cxb5 axb5 26. Bxb5 exf3 27. Bxc6 Nxc6 28. Qxf3 Rxd2 29. Rxd2 Qxd2 30. Qxf5+ Kh8 31. Re6 Qd1+ 32. Kg2 Rf8 33. Qe4 Nd8 34. Re8 Qd6 35. Re7 Qc6 36. a4 Qxe4+ 37. Rxe4 Nb7 38. Rb4 Nc5 39. f3 Ra8 40. Rc4 Nxa4 41. Rb4 Nc5 0-1

[Event "Oberliga Ost A"]
[Site "?"]
[Date "2022.09.18"]
[Round "1.4"]
[White "Haubold, Sebastian Marcel"]
[Black "Andre, Gordon"]
[Result "0-1"]
[WhiteElo "2039"]
[BlackElo "2358"]
[PlyCount "60"]
[EventDate "2022.09.18"]
[EventType "team-tourn"]
[EventCountry "GER"]
[WhiteTeam "Magdeburg SG Aufbau Elbe"]
[BlackTeam "Magdeburg USC"]
[WhiteTeamCountry "GER"]
[BlackTeamCountry "GER"]

1. e4 e5 2. Nf3 Nc6 3. Bb5 a6 4. Ba4 Nf6 5. O-O b5 6. Bb3 Bc5 7. d3 d6 8. c3 O-O 9. Bg5 Be6 10. Bc2 h6 11. Bh4 g5 12. Bg3 Bg4 13. b4 Bb6 14. a4 Qd7 15. Nbd2 Ne7 16. Qb1 Ng6 17. axb5 axb5 18. Qb2 Rxa1 19. Rxa1 h5 20. h4 Bxf3 21. Nxf3 Qg4 22. hxg5 Qxg3 23. d4 exd4 24. c4 Qg4 25. c5 dxc5 26. gxf6 c4 27. Nh2 Qe2 28. Qc1 d3 29. Qh6 Qxf2+ 30. Kh1 Qxf6 0-1